| 000 | nam a22 7a 4500 | ||
|---|---|---|---|
| 999 |
_c367996 _d367996 |
||
| 003 | BLK | ||
| 005 | 20201007040818.0 | ||
| 008 | 200612b bu ||||| |||| 00| 0 bu d | ||
| 040 | _aBLK | ||
| 041 |
_aBUL _cBUL |
||
| 080 |
_aПрофсъюзно движение. Професионални съюзи _b331.105.5 _x(100) _z331.105.5(100) |
||
| 100 |
_aШумейко, А. В. _eпърви автор _91299 |
||
| 139 |
_aШумейко, А. В. _bШ 97 |
||
| 245 |
_aСФПС [Световна федерация на профсъюзите] в борбата за социален прогрес и мир _bИст. очерк _cА. В. Шумейко ; прев. от рус. Гюргена Чакърова |
||
| 260 |
_9210729 _aСофия _bПрофиздат _c1983 |
||
| 300 |
_a220 с. _c20 см |
||
| 380 | _a3 | ||
| 650 | 7 |
_9168241 _aПрофсъюзно движение |
|
| 653 | 7 |
_9194823 _aпрофсъюзи |
|
| 653 | 7 |
_9196978 _aсоциален прогрес |
|
| 653 | 7 |
_9191110 _aмир |
|
| 700 |
_9315539 _aЧакърова, Гюргена _eпрев. от рус. |
||
| 852 |
_aЦб 125524 _bЦб |
||
| 942 |
_cKNG _n0 _s1 |
||
| 944 |
_aCR _c2020-06-12 _kХристина Везирева |
||